000
00316nam a2200133Ia 4500
008
210210b1955 xxu||||| |||| 00| 0 eng d
082
_a
310/155
100
_a
ROSIN & EASTMAN.
245
_a
Road of abundance.
260
_a
London
_b
Rider and Company
_c
1955
300
_a
144
690
_a
Sociology
906
_a
001645
999
_c
77781
_d
77781